Craniosynostosis / (Record no. 33630)
[ view plain ]
| 000 -LEADER | |
|---|---|
| fixed length control field | 00712nam a2200241 a 4500 |
| 005 - DATE AND TIME OF LATEST TRANSACTION | |
| control field | 20230919112216.0 |
| 008 - FIXED-LENGTH DATA ELEMENTS--GENERAL INFORMATION | |
| fixed length control field | 840315s1984 flua b 001 0 eng |
| 010 ## - LIBRARY OF CONGRESS CONTROL NUMBER | |
| LC control number | 83003688 |
| 020 ## - INTERNATIONAL STANDARD BOOK NUMBER | |
| ISBN | 0849352061 |
| 040 ## - CATALOGING SOURCE | |
| Original cataloging agency | DLC |
| Transcribing agency | DLC |
| Modifying agency | DLC |
| 082 00 - DEWEY DECIMAL CLASSIFICATION NUMBER | |
| Classification number | 618.92 |
| Edition number | 19 |
| Item number | GAL-C |
| 100 ## - MAIN ENTRY--AUTHOR | |
| Author Name | Galli guido |
| 245 00 - TITLE STATEMENT | |
| Title | Craniosynostosis / |
| Statement of responsibility, etc. | editor, Guido Galli. |
| 260 ## - PUBLICATION, DISTRIBUTION, ETC. | |
| Place of Publication | Boca Raton, Fla. : |
| Name of publisher, distributor, etc. | CRC Press, |
| Date of publication, distribution, etc. | c1984. |
| 300 ## - PHYSICAL DESCRIPTION | |
| Pages | 267 p. : |
| 500 ## - GENERAL NOTE | |
| General note | Include Index |
| 504 ## - BIBLIOGRAPHY, ETC. NOTE | |
| Bibliography, etc. note | Includes bibliographical references and index. |
| 650 #0 - SUBJECT ADDED ENTRY--TOPICAL TERM | |
| Subject / Department | Craniosynostoses. |
| 650 #2 - SUBJECT ADDED ENTRY--TOPICAL TERM | |
| Subject / Department | Craniosynostoses. |
| 700 1# - ADDED ENTRY--PERSONAL NAME | |
| Personal name | Galli, Guido, |
| Dates associated with a name | 1927- |
| 300 ## - PHYSICAL DESCRIPTION | |
| -- | ill. ; |
| -- | 29 cm. |
| 906 ## - LOCAL DATA ELEMENT F, LDF (RLIN) | |
| a | 7 |
| b | cbc |
| c | orignew |
| d | 1 |
| e | ocip |
| f | 19 |
| g | y-gencatlg |
| 952 ## - LOCATION AND ITEM INFORMATION (KOHA) | |
| -- | 0 |
| -- | 0 |
| Lost status | Damaged status | Permanent Location | Current Location | Shelving Location | Date acquired | Full Call Number | Accession No./Barcode | Date last seen | item type |
|---|---|---|---|---|---|---|---|---|---|
| Superior Information Resource Center (SIRC) Superior University- Main Campus | Superior Information Resource Center (SIRC) Superior University- Main Campus | Medical | 09/19/2023 | 618.92 GAL-C 1984 | 20520 | 09/19/2023 | BOOK |
